Normal view
MARC view
- فن حديث
Entry Topical Term
001 - CONTROL NUMBER
- control field: 8303
003 - CONTROL NUMBER IDENTIFIER
- control field: JO-AjAnu
005 - DATE AND TIME OF LATEST TRANSACTION
- control field: 20230606071636.0
008 - FIXED-LENGTH DATA ELEMENTS
- fixed length control field: 230606|| aca||aabn | a|a d
040 ## - CATALOGING SOURCE
- Original cataloging agency: JO-AjAnu
- Transcribing agency: JO-AjAnu
150 ## - HEADING--TOPICAL TERM
- Topical term or geographic name entry element: فن حديث
670 ## - SOURCE DATA FOUND
- Source citation: Work cat.: (JO-AjAnu)4287: نيوماير،سارة تأليف/يونان،رمسيس مترجم, author 8302, قصة الفن الحديث: سلسلة الفكر المعاصر 2